[Event "Navarra-chT"]
[Site "Navarra"]
[Date "2016.11.05"]
[Round "5.6"]
[White "Lacruz Ochoa, Oier"]
[Black "Vigor Iriarte, Unai"]
[Result "1-0"]
[WhiteElo "1556"]
[BlackElo "1611"]
[PlyCount "113"]
[EventDate "2016.10.08"]
[EventType "team-tourn"]
[EventRounds "7"]
[EventCountry "ESP"]
[SourceTitle "CBM 175 Extra"]
[Source "ChessBase"]
[SourceDate "2016.12.12"]
[SourceVersion "1"]
[SourceVersionDate "2016.12.12"]
[SourceQuality "1"]
[WhiteTeam "Mikel Gurea"]
[BlackTeam "Arrano Elkartea"]
[WhiteTeamCountry "ESP"]
[BlackTeamCountry "ESP"]

1. e4 d5 2. exd5 Qxd5 3. Nc3 Qa5 4. d4 c6 5. Nf3 Bg4 6. Bc4 e6 7. Bd2 Qc7 8. h3 Bh5 9. 0-0 Nf6 10. Be2 Bd6 11. Ng5 Bxe2 12. Qxe2 0-0 13. Nce4 Nbd7 14. c4 h6 15. Nxf6+ Nxf6 16. Ne4 Be7 17. Rfd1 Rad8 18. Bc3 Qf4 19. Nxf6+ Bxf6 20. Qe3 Qxe3 21. fxe3 Bg5 22. Kf2 f5 23. g3 h5 24. h4 Be7 25. b4 Kh7 26. a4 Rg8 27. c5 g5 28. hxg5 Rxg5 29. b5 Rg4 30. Rh1 Kh6 31. bxc6 bxc6 32. Rab1 Rg7 33. Rb7 Bf6 34. Rxg7 Bxg7 35. Rb1 e5 36. Rb4 exd4 37. Bxd4 Bxd4 38. Rxd4 Rc8 39. Rd7 a5 40. Ra7 Rb8 41. Rxa5 Rb2+ 42. Kf3 Rc2 43. Kf4 Kg6 44. Ke5 Rd2 45. Ke6 Rd3 46. Ra8 Rxe3+ 47. Kd6 Kf7 48. Kxc6 Rxg3 49. Rh8 f4 50. Rxh5 Rg6+ 51. Kb7 f3 52. Rh1 Ke6 53. c6 f2 54. c7 Rg7 55. Kb8 Rg1 56. c8Q+ Ke5 57. Qh3 1-0

[Event "ESP-chT Regional U14"]
[Site "Padron"]
[Date "2016.06.25"]
[Round "5.32"]
[White "Carbonell Sancho, Marc"]
[Black "Lacruz Ochoa, Oier"]
[Result "1/2-1/2"]
[WhiteElo "1941"]
[BlackElo "1554"]
[PlyCount "178"]
[EventDate "2016.06.23"]
[EventType "team-swiss"]
[EventRounds "6"]
[EventCountry "ESP"]
[SourceTitle "EXT 2017"]
[Source "ChessBase"]
[SourceDate "2016.10.25"]
[SourceVersion "1"]
[SourceVersionDate "2016.10.25"]
[SourceQuality "1"]
[WhiteTeam "Valencia"]
[BlackTeam "Navarra"]
[WhiteTeamCountry "ESP"]
[BlackTeamCountry "ESP"]

1. e4 c5 2. Nf3 Nc6 3. d4 cxd4 4. Nxd4 g6 5. c4 Bg7 6. Be3 Nf6 7. Nc3 0-0 8. Be2 d6 9. 0-0 Nxd4 10. Bxd4 a5 11. Rc1 Bd7 12. Qd2 Bc6 13. f3 Nd7 14. Be3 Nc5 15. Rfd1 Qb8 16. Bf1 Rc8 17. Nd5 Bxd5 18. exd5 b6 19. Re1 Re8 20. Bg5 Bf8 21. Re3 Ra7 22. Rce1 Qc7 23. f4 f6 24. Bxf6 Qd7 25. Bc3 Qf5 26. Qd4 Qh5 27. Rh3 e5 28. fxe5 dxe5 29. Rxe5 Qxe5 30. Qxe5 Rxe5 31. Bxe5 Rf7 32. Rf3 Rd7 33. Bd4 Rc7 34. b3 Bd6 35. g3 Be7 36. Kf2 Bf8 37. Ke2 Re7+ 38. Re3 Rb7 39. Kd1 Na6 40. Re6 Bc5 41. Bxc5 Nxc5 42. Re3 Rf7 43. Ke2 Kg7 44. Bh3 Kh6 45. a3 Nb7 46. Be6 Rf6 47. Rf3 Rxf3 48. Kxf3 Nc5 49. b4 axb4 50. axb4 Nd3 51. d6 Nxb4 52. Bd5 Nd3 53. Ke4 Nc5+ 54. Ke5 Kg7 55. Be6 Kf8 56. Bh3 Kf7 57. Kd5 Ke8 58. Kc6 Na4 59. Kb5 Nb2 60. Be6 h5 61. Kxb6 g5 62. c5 Na4+ 63. Ka5 Nxc5 64. Bf5 Nb7+ 65. Kb4 Nxd6 66. Bg6+ Ke7 67. Bxh5 Kf6 68. Kc3 Ke5 69. Kd3 Ne4 70. Bf3 Nf6 71. Ke3 Ng8 72. Bb7 Nh6 73. Bc8 Nf7 74. Kf3 Kf6 75. Ba6 Ne5+ 76. Kg2 Kf5 77. Be2 Kf6 78. Bd1 Kf5 79. Bc2+ Kf6 80. h3 Nc4 81. Kf3 Ne5+ 82. Ke4 Ng6 83. Bb3 Ne5 84. Bd5 Ng6 85. Bg8 Nf4 86. h4 Ne2 87. g4 gxh4 88. Kf3 Kg5 89. Kxe2 Kxg4 1/2-1/2